Normal view
MARC view
Entry Topical Term
001 - CONTROL NUMBER
- control field: 15614
003 - CONTROL NUMBER IDENTIFIER
- control field: OSt
005 - DATE AND TIME OF LATEST TRANSACTION
- control field: 20220120110026.0
008 - FIXED-LENGTH DATA ELEMENTS
- fixed length control field: 220120|| aca||aabn | a|a d
040 ## - CATALOGING SOURCE
- Original cataloging agency: OSt
- Transcribing agency: OSt
150 ## - HEADING--TOPICAL TERM
- Topical term or geographic name entry element: College students -- Life skills guides
670 ## - SOURCE DATA FOUND
- Source citation: Work cat.: (OSt): Smale, Bob : Julie, Fowlie 15613, How to Succeed at University : , 2009
